| 000 | 01240cam a22003617a 4500 | ||
|---|---|---|---|
| 003 | CHAP | ||
| 005 | 20220817043006.0 | ||
| 008 | 971013s1992 r 00010 d | ||
| 010 | _a62111 | ||
| 011 | _a63083 | ||
| 035 | _a67259 | ||
| 040 | _cCHAP | ||
| 082 |
_a080 _bS45Y v.16 |
||
| 100 | 0 | 0 |
_aErickson, Jon. _937304 |
| 245 | 1 | 3 |
_aLa extinción de las especies _b: evolución, causas y efectos |
| 260 |
_aMéxico, D. F. : _bMcGraw-Hill, _c1992 |
||
| 300 |
_a212 p. _b: ilus. |
||
| 490 | 0 |
_aSerie McGraw-Hill de divulgación científica _v; 16 |
|
| 590 |
_aBATCH-UPD _b10 _c20130110 _lUCH01 _h0334 |
||
| 590 |
_aBATCH-UPD _b10 _c20130110 _lUCH01 _h1831 |
||
| 590 |
_aBATCH-UPD _b10 _c20130410 _lUCH01 _h0007 |
||
| 590 |
_aBATCH-UPD _b10 _c20130914 _lUCH01 _h0822 |
||
| 590 |
_aCONVERSION _b10 _c20130109 _lUCH01 _h1333 |
||
| 650 | 1 | 4 |
_aCambios climáticos. _917792 |
| 650 | 1 | 4 | _aEspecies en peligro de extinción. |
| 650 | 1 | 4 |
_aEvolución. _939007 |
| 650 | 1 | 4 |
_aMedio ambiente _xContaminación. _974069 |
| 790 | _aEfecto invernadero | ||
| 830 | 0 |
_aSerie McGraw-Hill de divulgación científica _v; 16 _9104963 |
|
| 901 | _aBK | ||
| 942 | _cLIBRO | ||
| 949 |
_a080 S45Y v.16 _bBC _cLIBRO _d33724000695763 _eLIBRO _gI. c/e _h91564 _i67259 _so _t66.00 |
||
| 999 |
_c62111 _d62111 |
||